[Event "Iranian Men Championship Final 1399"]
[Site "Tehran"]
[Date "2021.04.05"]
[Round "1"]
[Board "1"]
[White "Tabatabaei, M.Amin"]
[Black "Hakemi, Arman"]
[Result "1-0"]
[WhiteElo "2629"]
[BlackElo "2316"]
[PlyCount "0"]
[EventDate "2021.04.05"]
[EventRounds "15"]
[EventCountry "IRI"]

1. c4 {[%clk 1:30:53]} e5 {[%clk 1:30:36]} 2. Nc3 {[%clk 1:31:04]} Bb4
{[%clk 1:28:56]} 3. Nd5 {[%clk 1:31:13]} Bc5 {[%clk 1:29:16]} 4. e3
{[%clk 1:31:27]} Nf6 {[%clk 1:29:35]} 5. b4 {[%clk 1:31:46]} Be7 {[%clk 1:18:19]}
6. Nxe7 {[%clk 1:32:00]} Qxe7 {[%clk 1:18:40]} 7. Bb2 {[%clk 1:32:17]} O-O
{[%clk 1:12:45]} 8. Ne2 {[%clk 1:32:11]} d6 {[%clk 0:55:15]} 9. Ng3
{[%clk 1:31:38]} a5 {[%clk 0:46:09]} 10. b5 {[%clk 1:30:53]} b6 {[%clk 0:39:43]}
11. Be2 {[%clk 1:22:21]} Bb7 {[%clk 0:39:00]} 12. O-O {[%clk 1:22:10]} Nbd7
{[%clk 0:39:05]} 13. f4 {[%clk 1:22:31]} e4 {[%clk 0:36:12]} 14. Nf5
{[%clk 1:22:33]} Qd8 {[%clk 0:35:50]} 15. Qe1 {[%clk 1:21:26]} Kh8
{[%clk 0:25:37]} 16. g4 {[%clk 1:06:35]} Ne8 {[%clk 0:24:24]} 17. g5
{[%clk 1:06:47]} Nc5 {[%clk 0:20:26]} 18. Qh4 {[%clk 1:06:26]} Bc8
{[%clk 0:16:46]} 19. Nxg7 {[%clk 1:05:11]} Nxg7 {[%clk 0:15:33]} 20. Qh6
{[%clk 1:04:08]} Rg8 {[%clk 0:06:16]} 21. f5 {[%clk 1:03:54]} Bxf5
{[%clk 0:01:02]} 22. Rxf5 {[%clk 1:04:08]} Qe7 {[%clk 0:01:17]} 23. Rf6
{[%clk 1:03:08]}  1-0

[Event "Iranian Men Championship Final 1399"]
[Site "Tehran"]
[Date "2021.04.05"]
[Round "1"]
[Board "2"]
[White "Daghli, Arash"]
[Black "Atakhan, Abtin"]
[Result "0-1"]
[WhiteElo "2431"]
[BlackElo "2294"]
[PlyCount "0"]
[EventDate "2021.04.05"]
[EventRounds "15"]
[EventCountry "IRI"]

1. e4 e6 2. d4 {[%clk 1:30:38]} d5 {[%clk 1:31:05]} 3. Nc3 {[%clk 1:30:56]} h6
{[%clk 1:31:14]} 4. Bd3 {[%clk 1:30:24]} Nc6 {[%clk 1:31:22]} 5. Nf3
{[%clk 1:30:20]} Nb4 {[%clk 1:31:43]} 6. Bb5+ {[%clk 1:27:37]} c6
{[%clk 1:32:03]} 7. Be2 {[%clk 1:27:29]} Nf6 {[%clk 1:32:23]} 8. e5
{[%clk 1:27:35]} Ne4 {[%clk 1:32:47]} 9. a3 {[%clk 1:27:29]} Nxc3
{[%clk 1:33:03]} 10. bxc3 {[%clk 1:27:57]} Na6 {[%clk 1:33:25]} 11. O-O
{[%clk 1:27:49]} b6 {[%clk 1:33:38]} 12. Bd3 {[%clk 1:25:14]} Nc7
{[%clk 1:33:46]} 13. Qe2 {[%clk 1:25:33]} Be7 {[%clk 1:29:29]} 14. a4
{[%clk 1:24:32]} c5 {[%clk 1:28:01]} 15. dxc5 {[%clk 1:22:25]} bxc5
{[%clk 1:27:10]} 16. c4 {[%clk 1:22:26]} Ba6 {[%clk 1:24:37]} 17. Rd1
{[%clk 1:20:02]} Qc8 {[%clk 1:23:06]} 18. Ba3 {[%clk 1:17:09]} O-O
{[%clk 1:21:17]} 19. Nd4 {[%clk 1:16:39]} dxc4 {[%clk 1:16:25]} 20. Be4
{[%clk 1:11:21]} Bb7 {[%clk 1:13:50]} 21. Nc6 {[%clk 0:56:22]} Nd5
{[%clk 1:13:30]} 22. Nxe7+ {[%clk 0:56:37]} Nxe7 {[%clk 1:13:58]} 23. Qxc4
{[%clk 0:56:43]} Bxe4 {[%clk 1:10:11]} 24. Qxe4 {[%clk 0:54:41]} Nd5
{[%clk 1:10:34]} 25. Rd3 {[%clk 0:55:00]} Qa6 {[%clk 1:06:22]} 26. Rg3
{[%clk 0:54:41]} Rfd8 {[%clk 1:04:53]} 27. Qg4 {[%clk 0:42:10]} g6
{[%clk 1:05:01]} 28. Rh3 {[%clk 0:25:34]} Ne7 {[%clk 1:01:59]} 29. Rxh6
{[%clk 0:16:57]} Nf5 {[%clk 1:02:16]} 30. Rh3 {[%clk 0:16:24]} Rd5
{[%clk 0:59:52]} 31. Qf3 {[%clk 0:08:06]} Rad8 {[%clk 0:59:08]} 32. g4
{[%clk 0:07:34]} Ng7 {[%clk 0:59:00]} 33. Rb1 {[%clk 0:04:10]} Qxa4
{[%clk 0:57:20]} 34. Rb7 {[%clk 0:03:32]} R5d7 {[%clk 0:57:26]} 35. Rxd7
{[%clk 0:03:38]} Qxd7 {[%clk 0:57:47]} 36. Bxc5 {[%clk 0:03:47]} Qa4
{[%clk 0:56:05]} 37. Kg2 {[%clk 0:00:49]} Qxc2 {[%clk 0:53:15]} 38. Be7
{[%clk 0:01:18]} Rc8 {[%clk 0:52:48]} 39. Qf4 {[%clk 0:00:33]} Rc4
{[%clk 0:52:30]} 40. Qf3 {[%clk 0:00:32]} Qe4 {[%clk 0:47:22]} 41. Qxe4
{[%clk 0:00:33]} Rxe4 {[%clk 0:47:50]} 42. Rg3 {[%clk 0:00:33]} Rxe5
{[%clk 0:47:23]} 43. Rb3 {[%clk 0:00:53]} Re4 {[%clk 0:44:11]} 44. Kf3
{[%clk 0:00:51]} f5 {[%clk 0:42:51]} 45. h3 {[%clk 0:00:51]} e5 {[%clk 0:42:11]}
46. Rb8+ {[%clk 0:00:38]} Kf7 {[%clk 0:42:26]} 47. Rb7 {[%clk 0:00:58]} Ne6
{[%clk 0:42:08]} 48. Rxa7 {[%clk 0:00:59]} Nd4+ {[%clk 0:42:24]} 49. Kg3
{[%clk 0:01:05]} Nc6 {[%clk 0:42:21]} 50. Bc5+ {[%clk 0:01:16]} Nxa7
{[%clk 0:42:46]} 51. Bxa7 {[%clk 0:01:42]} Ra4 {[%clk 0:42:45]} 52. Bb6 Ra3+
{[%clk 0:43:06]} 53. Kh4 {[%clk 0:01:24]} Rf3 54. gxf5 gxf5 {[%clk 0:43:17]} 55.
Kg5 {[%clk 0:01:45]} Ke6 56. h4 Rf4 {[%clk 0:42:41]} 57. h5 {[%clk 0:01:28]} Rg4+
{[%clk 0:43:00]} 58. Kh6 {[%clk 0:01:58]} e4 {[%clk 0:42:50]} 59. Kh7
{[%clk 0:02:02]} Ke5  0-1

[Event "Iranian Men Championship Final 1399"]
[Site "Tehran"]
[Date "2021.04.05"]
[Round "1"]
[Board "3"]
[White "Ghaem Maghami, Ehsan"]
[Black "Daneshvar, Bardiya"]
[Result "1-0"]
[WhiteElo "2561"]
[BlackElo "2401"]
[PlyCount "0"]
[EventDate "2021.04.05"]
[EventRounds "15"]
[EventCountry "IRI"]

1. c4 c6 2. Nf3 d5 3. d4 Nf6 {[%clk 1:30:45]} 4. e3 {[%clk 1:28:59]} e6
{[%clk 1:30:45]} 5. Nbd2 {[%clk 1:28:12]} Nbd7 {[%clk 1:31:15]} 6. b3
{[%clk 1:27:43]} b6 {[%clk 1:28:48]} 7. Bb2 {[%clk 1:26:01]} Bb7 {[%clk 1:28:43]}
8. Bd3 {[%clk 1:25:41]} Be7 {[%clk 1:28:51]} 9. O-O {[%clk 1:25:05]} O-O
{[%clk 1:28:44]} 10. Qe2 {[%clk 1:23:37]} c5 {[%clk 1:28:11]} 11. Rfd1
{[%clk 1:18:33]} Rc8 {[%clk 1:26:23]} 12. Rac1 {[%clk 1:17:07]} cxd4
{[%clk 1:25:36]} 13. Nxd4 {[%clk 1:13:26]} Nc5 {[%clk 1:24:29]} 14. Bc2
{[%clk 1:06:31]} a5 {[%clk 1:22:36]} 15. a3 {[%clk 1:00:07]} Rc7 {[%clk 1:16:20]}
16. Nb5 {[%clk 0:53:44]} Rd7 {[%clk 1:15:55]} 17. Nc3 {[%clk 0:53:56]} d4
{[%clk 1:02:25]} 18. exd4 {[%clk 0:53:39]} Rxd4 {[%clk 1:02:45]} 19. b4
{[%clk 0:48:38]} axb4 {[%clk 1:01:45]} 20. axb4 {[%clk 0:49:01]} Na6
{[%clk 1:00:24]} 21. Nce4 {[%clk 0:30:47]} Rd7 {[%clk 0:53:31]} 22. Ba4
{[%clk 0:26:32]} Rd3 {[%clk 0:48:44]} 23. Nxf6+ {[%clk 0:23:14]} gxf6
{[%clk 0:41:17]} 24. Bc2 {[%clk 0:21:06]} Nxb4 {[%clk 0:41:08]} 25. Ne4
{[%clk 0:20:05]} Rxd1+ {[%clk 0:29:32]} 26. Rxd1 {[%clk 0:20:10]} Nxc2
{[%clk 0:29:46]}  1-0

[Event "Iranian Men Championship Final 1399"]
[Site "Tehran"]
[Date "2021.04.05"]
[Round "1"]
[Board "4"]
[White "Veisi, Bardia"]
[Black "Darini, Pouria"]
[Result "1-0"]
[WhiteElo "2273"]
[BlackElo "2432"]
[PlyCount "0"]
[EventDate "2021.04.05"]
[EventRounds "15"]
[EventCountry "IRI"]

1. Nf3 {[%clk 1:30:32]} d5 {[%clk 1:30:44]} 2. d4 {[%clk 1:30:26]} Bf5
{[%clk 1:29:15]} 3. c4 {[%clk 1:28:56]} e6 {[%clk 1:29:43]} 4. Nc3
{[%clk 1:28:56]} Nf6 {[%clk 1:30:05]} 5. Qb3 {[%clk 1:28:36]} Nc6
{[%clk 1:29:36]} 6. a3 {[%clk 1:22:42]} Na5 {[%clk 1:20:03]} 7. Qa4+
{[%clk 1:22:57]} c6 {[%clk 1:20:32]} 8. c5 {[%clk 1:21:56]} Be7 {[%clk 1:17:47]}
9. Ne5 {[%clk 1:20:05]} O-O {[%clk 1:13:45]} 10. Bg5 {[%clk 1:16:33]} b5
{[%clk 1:04:20]} 11. Qd1 {[%clk 1:15:03]} Ng4 {[%clk 0:52:45]} 12. Bxe7
{[%clk 1:08:18]} Qxe7 {[%clk 0:53:11]} 13. Nf3 {[%clk 1:08:40]} Rab8
{[%clk 0:31:46]} 14. e3 {[%clk 1:03:42]} Nc4 {[%clk 0:29:26]} 15. Qc1
{[%clk 0:59:52]} Na5 {[%clk 0:27:55]} 16. Qd1 {[%clk 0:59:53]} Nc4
{[%clk 0:22:21]} 17. Qc1 {[%clk 1:00:06]} Qc7 {[%clk 0:15:18]} 18. Be2
{[%clk 0:53:55]} Rfe8 {[%clk 0:08:30]} 19. h3 {[%clk 0:49:30]} Nf6
{[%clk 0:08:47]} 20. O-O {[%clk 0:49:44]} h6 {[%clk 0:04:04]} 21. b3
{[%clk 0:48:13]} Na5 {[%clk 0:04:07]} 22. Bd1 {[%clk 0:48:21]} Nd7
{[%clk 0:03:24]} 23. Bc2 {[%clk 0:44:26]} Bxc2 {[%clk 0:01:26]} 24. Qxc2
{[%clk 0:44:49]} e5 {[%clk 0:00:57]} 25. Nxe5 {[%clk 0:40:36]} Nxe5
{[%clk 0:01:21]} 26. dxe5 {[%clk 0:40:59]} Qxe5 {[%clk 0:01:38]} 27. Ne2
{[%clk 0:41:21]} Re6 {[%clk 0:00:32]} 28. Rfd1 {[%clk 0:27:47]} Nb7
{[%clk 0:00:43]} 29. a4 {[%clk 0:22:40]} b4 {[%clk 0:01:12]} 30. a5
{[%clk 0:22:44]} Nd8 {[%clk 0:01:14]} 31. Rd4 {[%clk 0:22:24]} Re7
{[%clk 0:01:01]} 32. Nf4 {[%clk 0:16:10]} Reb7 {[%clk 0:00:47]} 33. Nd3
{[%clk 0:15:49]} Qf5 {[%clk 0:00:34]} 34. Ra4 {[%clk 0:14:03]} Ne6
{[%clk 0:01:01]} 35. Rdxb4 {[%clk 0:14:00]} Nxc5 {[%clk 0:01:01]} 36. Qxc5
{[%clk 0:12:31]} Qxd3 {[%clk 0:01:30]} 37. Rxb7 {[%clk 0:12:17]} Rxb7
{[%clk 0:02:00]} 38. Qxc6 {[%clk 0:12:21]} Qxb3 {[%clk 0:01:06]} 39. Rd4
{[%clk 0:12:22]} Qb1+ {[%clk 0:00:32]} 40. Kh2 {[%clk 0:12:35]} Qb5
{[%clk 0:00:33]} 41. Qc8+ {[%clk 0:11:11]} Kh7 {[%clk 0:01:02]} 42. Qf5+
{[%clk 0:11:27]} g6 {[%clk 0:01:29]} 43. Qxd5 {[%clk 0:11:51]} a6
{[%clk 0:01:34]} 44. Qf3 {[%clk 0:10:07]} Qe5+ {[%clk 0:00:52]} 45. g3
{[%clk 0:10:23]} Rc7 {[%clk 0:01:05]} 46. Rd5 {[%clk 0:07:12]} Qc3
{[%clk 0:01:34]} 47. Qf4 {[%clk 0:06:46]} Qb2 {[%clk 0:01:05]} 48. Rd6
{[%clk 0:06:09]} h5 {[%clk 0:00:32]} 49. Rxa6 {[%clk 0:05:43]} Qa2
{[%clk 0:01:15]}  1-0

[Event "Iranian Men Championship Final 1399"]
[Site "Tehran"]
[Date "2021.04.05"]
[Round "1"]
[Board "5"]
[White "Maghsoodloo, Parham"]
[Black "Idani, Pouya"]
[Result "1/2-1/2"]
[WhiteElo "2676"]
[BlackElo "2588"]
[PlyCount "0"]
[EventDate "2021.04.05"]
[EventRounds "15"]
[EventCountry "IRI"]

1. e4 {[%clk 1:30:43]} c5 {[%clk 1:30:55]} 2. Nf3 {[%clk 1:31:09]} e6
{[%clk 1:31:20]} 3. d4 {[%clk 1:31:32]} cxd4 {[%clk 1:31:45]} 4. Nxd4
{[%clk 1:31:57]} Nf6 {[%clk 1:32:09]} 5. Nc3 {[%clk 1:32:15]} Nc6
{[%clk 1:32:36]} 6. Ndb5 {[%clk 1:28:15]} Bc5 {[%clk 1:32:51]} 7. Bf4
{[%clk 1:22:53]} O-O {[%clk 1:33:10]} 8. Bc7 {[%clk 1:17:28]} Qe7
{[%clk 1:33:23]} 9. Bd6 {[%clk 1:17:53]} Bxd6 {[%clk 1:33:50]} 10. Qxd6
{[%clk 1:18:17]} Qd8 {[%clk 1:34:17]} 11. O-O-O {[%clk 1:16:08]} a6
{[%clk 1:34:41]} 12. Nd4 {[%clk 1:16:28]} Ne7 {[%clk 1:35:05]} 13. g4
{[%clk 1:11:50]} Nxg4 {[%clk 1:30:52]} 14. Rg1 {[%clk 1:06:18]} Nf6
{[%clk 1:30:15]} 15. f4 {[%clk 1:06:41]} Ne8 {[%clk 1:26:09]} 16. Qc5
{[%clk 1:02:40]} Ng6 {[%clk 1:18:26]} 17. f5 {[%clk 0:57:24]} d6 {[%clk 1:18:13]}
18. Qb4 {[%clk 0:57:36]} Ne5 {[%clk 1:17:10]} 19. Bh3 {[%clk 0:57:25]} Qh4
{[%clk 1:11:19]} 20. Rg3 {[%clk 0:55:43]} b5 {[%clk 1:10:59]} 21. Kb1
{[%clk 0:53:53]} Qe7 {[%clk 1:04:09]} 22. Qb3 {[%clk 0:51:21]} Nc4
{[%clk 1:03:40]} 23. a4 {[%clk 0:51:40]} Bd7 {[%clk 0:56:09]} 24. fxe6
{[%clk 0:48:38]} fxe6 {[%clk 0:56:31]} 25. axb5 {[%clk 0:48:59]} axb5
{[%clk 0:56:36]} 26. Ncxb5 {[%clk 0:48:58]} Rc8 {[%clk 0:53:56]} 27. Rc3
{[%clk 0:43:20]} d5 {[%clk 0:51:48]} 28. Na7 {[%clk 0:38:45]} Rc7
{[%clk 0:46:24]} 29. Ndb5 {[%clk 0:33:35]} Rb7 {[%clk 0:40:16]} 30. exd5
{[%clk 0:29:11]} exd5 {[%clk 0:38:47]} 31. Bg2 {[%clk 0:28:18]} Be6
{[%clk 0:37:00]} 32. Qa4 {[%clk 0:22:25]} Rf4 {[%clk 0:34:10]} 33. Rxc4
{[%clk 0:07:21]} Rxc4 {[%clk 0:33:57]} 34. Qa6 {[%clk 0:07:50]} Bf7
{[%clk 0:23:04]} 35. Bf1 {[%clk 0:08:15]} Re4 {[%clk 0:21:38]} 36. Nc6
{[%clk 0:07:31]} Qd7 {[%clk 0:21:47]} 37. Bh3 {[%clk 0:04:01]} Ra4
{[%clk 0:19:12]} 38. Qxa4 {[%clk 0:02:36]} Qxc6 {[%clk 0:19:37]} 39. Bf1
{[%clk 0:02:39]} Nc7 {[%clk 0:19:10]} 40. c4 {[%clk 0:02:59]} Bg6+
{[%clk 0:15:44]} 41. Bd3 {[%clk 0:03:25]} dxc4 {[%clk 0:15:54]} 42. Bxg6
{[%clk 0:03:08]} Qxg6+ {[%clk 0:10:47]} 43. Ka1 {[%clk 0:03:37]} h6
{[%clk 0:11:03]} 44. Qxc4+ {[%clk 0:03:27]} Kh7 {[%clk 0:11:28]} 45. Na3
{[%clk 0:02:49]}  1/2-1/2

[Event "Iranian Men Championship Final 1399"]
[Site "Tehran"]
[Date "2021.04.05"]
[Round "1"]
[Board "6"]
[White "Nikookar, Mahdi"]
[Black "Gholami, Aryan"]
[Result "0-1"]
[WhiteElo "2239"]
[BlackElo "2507"]
[PlyCount "0"]
[EventDate "2021.04.05"]
[EventRounds "15"]
[EventCountry "IRI"]

1. d4 {[%clk 1:30:51]} Nf6 {[%clk 1:30:35]} 2. c4 {[%clk 1:31:07]} e6
{[%clk 1:30:54]} 3. Nf3 {[%clk 1:31:25]} c5 {[%clk 1:29:33]} 4. d5
{[%clk 1:30:38]} b5 {[%clk 1:29:08]} 5. Bg5 {[%clk 1:31:03]} h6 {[%clk 1:23:02]}
6. Bxf6 {[%clk 1:30:49]} Qxf6 {[%clk 1:22:59]} 7. Nc3 {[%clk 1:31:07]} b4
{[%clk 1:21:02]} 8. Na4 {[%clk 1:31:18]} e5 {[%clk 1:17:06]} 9. Nd2
{[%clk 1:27:31]} Qg6 {[%clk 1:11:54]} 10. g3 {[%clk 1:27:06]} d6 {[%clk 1:11:44]}
11. Bg2 {[%clk 1:26:43]} Nd7 {[%clk 1:11:44]} 12. a3 {[%clk 1:24:44]} a5
{[%clk 1:10:17]} 13. Bh3 {[%clk 1:23:23]} Ra6 {[%clk 1:06:32]} 14. e4
{[%clk 1:01:27]} Be7 {[%clk 1:06:43]} 15. O-O {[%clk 1:01:15]} h5
{[%clk 1:06:46]} 16. Qe2 {[%clk 0:54:26]} h4 {[%clk 1:05:06]} 17. Bf5
{[%clk 0:54:20]} Qh6 {[%clk 1:05:23]} 18. axb4 {[%clk 0:53:39]} axb4
{[%clk 1:05:10]} 19. b3 {[%clk 0:51:49]} g6 {[%clk 1:02:43]} 20. Bg4
{[%clk 0:39:20]} f5 {[%clk 1:01:48]} 21. Bf3 {[%clk 0:39:11]} Bg5
{[%clk 1:00:32]} 22. Rfd1 {[%clk 0:33:41]} hxg3 {[%clk 0:59:07]} 23. hxg3
{[%clk 0:30:18]} Qh2+ {[%clk 0:40:34]} 24. Kf1 {[%clk 0:30:29]} Nf6
{[%clk 0:38:21]} 25. exf5 {[%clk 0:29:45]} O-O {[%clk 0:37:41]} 26. Bg2
{[%clk 0:26:49]} Bxd2 {[%clk 0:36:59]} 27. Qxd2 {[%clk 0:22:05]} Bxf5
{[%clk 0:37:12]} 28. Nxc5 {[%clk 0:14:45]} Rxa1 {[%clk 0:37:18]} 29. Rxa1
{[%clk 0:15:01]} dxc5 {[%clk 0:37:06]} 30. Ra6 {[%clk 0:14:14]} Bh3
{[%clk 0:37:03]} 31. Bxh3 {[%clk 0:13:20]} Qxh3+ {[%clk 0:36:39]} 32. Ke2
{[%clk 0:11:14]} Ne4 {[%clk 0:36:43]} 33. Qe3 Rxf2+ 34. Kd3 {[%clk 0:11:53]} Rd2+
{[%clk 0:36:59]}  0-1

[Event "Iranian Men Championship Final 1399"]
[Site "Tehran"]
[Date "2021.04.05"]
[Round "1"]
[Board "7"]
[White "Mousavi, Seyed Khalil"]
[Black "Mosadeghpour, Masoud"]
[Result "0-1"]
[WhiteElo "2522"]
[BlackElo "2498"]
[PlyCount "0"]
[EventDate "2021.04.05"]
[EventRounds "15"]
[EventCountry "IRI"]

1. d4 {[%clk 1:30:45]} d5 {[%clk 1:30:42]} 2. Nf3 {[%clk 1:30:14]} Nf6
{[%clk 1:31:01]} 3. c4 {[%clk 1:30:26]} e6 {[%clk 1:31:09]} 4. Nc3
{[%clk 1:30:44]} a6 {[%clk 1:31:21]} 5. cxd5 {[%clk 1:26:58]} exd5
{[%clk 1:31:14]} 6. g3 {[%clk 1:26:26]} Be7 {[%clk 1:29:47]} 7. Bg2
{[%clk 1:26:48]} O-O {[%clk 1:29:42]} 8. O-O {[%clk 1:26:29]} Re8
{[%clk 1:27:52]} 9. Bf4 {[%clk 1:20:02]} Nbd7 {[%clk 1:24:34]} 10. Qb3
{[%clk 1:12:50]} c6 {[%clk 1:20:53]} 11. Rad1 {[%clk 1:07:46]} Nf8
{[%clk 1:12:42]} 12. Ne5 {[%clk 1:00:19]} Ne6 {[%clk 1:11:32]} 13. Bc1
{[%clk 0:52:19]} Qd6 {[%clk 1:00:27]} 14. Be3 {[%clk 0:46:56]} Qb4
{[%clk 0:46:32]} 15. Qc2 {[%clk 0:44:26]} g6 {[%clk 0:43:47]} 16. a3
{[%clk 0:38:35]} Qd6 {[%clk 0:38:03]} 17. Qb3 {[%clk 0:35:52]} Bd8
{[%clk 0:33:28]} 18. h3 {[%clk 0:32:37]} Nh5 {[%clk 0:27:11]} 19. Kh2
{[%clk 0:25:31]} Neg7 {[%clk 0:17:26]} 20. Bc1 {[%clk 0:23:03]} f6
{[%clk 0:14:14]} 21. Ng4 {[%clk 0:17:00]} Bc7 {[%clk 0:10:37]} 22. Rd3
{[%clk 0:11:19]} Be6 {[%clk 0:02:53]} 23. e4 {[%clk 0:07:21]} dxe4
{[%clk 0:03:09]} 24. Nxe4 {[%clk 0:07:45]} Qe7 {[%clk 0:02:38]} 25. Qc3
{[%clk 0:06:32]} Kh8 {[%clk 0:00:58]} 26. Nc5 {[%clk 0:06:35]} Bd5
{[%clk 0:00:32]} 27. Re3 {[%clk 0:06:25]} Qf7 {[%clk 0:00:35]} 28. Nh6
{[%clk 0:05:40]} Qf8 {[%clk 0:00:52]} 29. Bxd5 {[%clk 0:04:12]} Rxe3
{[%clk 0:00:39]} 30. Bxe3 {[%clk 0:02:58]} cxd5 {[%clk 0:01:08]} 31. Nxb7
{[%clk 0:01:55]} Qb8 {[%clk 0:00:36]} 32. Qc6 {[%clk 0:01:25]} Bxg3+
{[%clk 0:00:50]} 33. Kg2 {[%clk 0:01:11]} Nf5 {[%clk 0:00:34]} 34. Nf7+
{[%clk 0:00:45]} Kg7 {[%clk 0:00:45]} 35. Bh6+ {[%clk 0:00:53]} Nxh6
{[%clk 0:01:02]} 36. Nfd8 {[%clk 0:01:07]} Nf4+ {[%clk 0:00:33]} 37. Kh1
{[%clk 0:01:13]} Qc8 {[%clk 0:00:32]} 38. Qxc8 {[%clk 0:01:16]} Rxc8
{[%clk 0:01:01]} 39. fxg3 {[%clk 0:01:39]} Ne2 {[%clk 0:00:40]} 40. Kg2
{[%clk 0:00:33]} Nxd4 {[%clk 0:00:57]} 41. Rf2 {[%clk 0:00:38]} Nhf5
{[%clk 0:00:43]} 42. Rd2 {[%clk 0:00:32]} Nb3 {[%clk 0:00:50]} 43. Re2
{[%clk 0:00:41]} d4 {[%clk 0:01:13]} 44. Ne6+ {[%clk 0:00:33]} Kg8
{[%clk 0:01:11]} 45. Nf4 {[%clk 0:00:37]} Rb8 {[%clk 0:01:34]} 46. g4
{[%clk 0:00:33]} Nh4+ {[%clk 0:00:44]} 47. Kg3 {[%clk 0:00:57]} Rxb7
{[%clk 0:01:11]} 48. Nd5 {[%clk 0:00:32]} g5 {[%clk 0:01:06]} 49. Nxf6+
{[%clk 0:00:57]} Kg7 {[%clk 0:01:24]} 50. Nh5+ {[%clk 0:00:38]} Kf7
{[%clk 0:01:19]}  0-1

[Event "Iranian Men Championship Final 1399"]
[Site "Tehran"]
[Date "2021.04.05"]
[Round "1"]
[Board "8"]
[White "Gholami Orimi, Mahdi"]
[Black "Jahedi, Mani"]
[Result "1-0"]
[WhiteElo "2428"]
[BlackElo "2201"]
[PlyCount "0"]
[EventDate "2021.04.05"]
[EventRounds "15"]
[EventCountry "IRI"]

1. d4 {[%clk 1:30:54]} Nf6 {[%clk 1:30:42]} 2. c4 {[%clk 1:31:13]} e6
{[%clk 1:31:04]} 3. g3 {[%clk 1:31:29]} d5 {[%clk 1:30:41]} 4. Nf3
{[%clk 1:31:40]} Be7 {[%clk 1:30:14]} 5. Bg2 {[%clk 1:32:00]} O-O
{[%clk 1:30:28]} 6. O-O {[%clk 1:32:19]} b6 {[%clk 1:30:15]} 7. Nc3
{[%clk 1:29:50]} Bb7 {[%clk 1:30:15]} 8. Ne5 {[%clk 1:26:44]} c5 {[%clk 1:26:57]}
9. dxc5 {[%clk 1:21:04]} bxc5 {[%clk 1:26:48]} 10. cxd5 {[%clk 1:20:29]} Bxd5
{[%clk 0:51:11]} 11. Nxd5 {[%clk 1:18:04]} Nxd5 {[%clk 0:50:46]} 12. Qb3
{[%clk 1:05:26]} Na6 {[%clk 0:36:49]} 13. Nc6 {[%clk 0:58:43]} Qc7
{[%clk 0:34:57]} 14. e4 {[%clk 0:57:19]} Nb6 {[%clk 0:28:30]} 15. Qb5
{[%clk 0:43:57]} Nb8 {[%clk 0:23:18]} 16. Nxe7+ {[%clk 0:37:28]} Qxe7
{[%clk 0:23:41]} 17. Bf4 {[%clk 0:30:04]} N8d7 {[%clk 0:19:35]} 18. Rfd1
{[%clk 0:30:33]} e5 {[%clk 0:17:21]} 19. Be3 {[%clk 0:31:01]} Rfc8
{[%clk 0:17:30]} 20. a4 {[%clk 0:27:59]} Nf8 {[%clk 0:15:27]} 21. Bh3
{[%clk 0:27:16]} Rc7 {[%clk 0:15:13]} 22. Rac1 {[%clk 0:27:11]} Nbd7
{[%clk 0:04:50]} 23. b4 {[%clk 0:26:12]} Ne6 {[%clk 0:01:22]} 24. Bxe6
{[%clk 0:23:40]} Qxe6 {[%clk 0:01:47]} 25. bxc5 {[%clk 0:23:47]} Qg4
{[%clk 0:01:08]} 26. c6 {[%clk 0:23:35]} Nf8 {[%clk 0:00:35]} 27. Qxe5
{[%clk 0:23:37]} Rxc6 {[%clk 0:00:59]} 28. Qd5 {[%clk 0:22:44]} Rxc1
{[%clk 0:00:47]} 29. Rxc1 {[%clk 0:23:02]} Re8 {[%clk 0:00:44]} 30. Rc7
{[%clk 0:23:13]} Ne6 {[%clk 0:00:33]} 31. Rxa7 {[%clk 0:22:53]} h5
{[%clk 0:00:33]} 32. Qf5 {[%clk 0:22:56]} Qd1+ {[%clk 0:00:35]} 33. Kg2
{[%clk 0:23:24]} Rf8 {[%clk 0:00:31]} 34. a5 {[%clk 0:22:50]} h4 {[%clk 0:00:49]}
35. gxh4 {[%clk 0:23:05]} g6 {[%clk 0:00:32]} 36. Qf3 {[%clk 0:23:29]} Qd8
{[%clk 0:00:33]} 37. Qg4 {[%clk 0:22:43]} Ng7 38. a6 {[%clk 0:22:43]} Qd6
{[%clk 0:00:33]} 39. h3 {[%clk 0:22:36]} f5 {[%clk 0:00:34]} 40. exf5
{[%clk 0:22:32]} Nxf5 {[%clk 0:00:31]} 41. Qc4+ {[%clk 0:21:43]} Kh8
{[%clk 0:01:01]} 42. Bc1 {[%clk 0:20:50]} Qf6 {[%clk 0:00:40]} 43. Bg5
{[%clk 0:20:55]} Qe5 {[%clk 0:00:37]} 44. Qc7 {[%clk 0:18:10]} Qe4+
{[%clk 0:00:31]} 45. Kh2 {[%clk 0:18:22]} Rf7 {[%clk 0:00:35]} 46. Qb8+
{[%clk 0:18:15]}  1-0

[Event "Iranian Men Championship Final 1399"]
[Site "Tehran"]
[Date "2021.04.05"]
[Round "2"]
[Board "1"]
[White "Hakemi, Arman"]
[Black "Jahedi, Mani"]
[Result "1-0"]
[WhiteElo "2316"]
[BlackElo "2201"]
[PlyCount "0"]
[EventDate "2021.04.05"]
[EventRounds "15"]
[EventCountry "IRI"]

1. d4 {[%clk 1:29:44]} Nf6 {[%clk 1:30:10]} 2. c4 {[%clk 1:30:07]} e6
{[%clk 1:30:33]} 3. Nf3 {[%clk 1:30:26]} d5 {[%clk 1:29:58]} 4. g3
{[%clk 1:30:50]} Bb4+ {[%clk 1:28:56]} 5. Bd2 {[%clk 1:31:13]} Be7
{[%clk 1:29:20]} 6. Bg2 {[%clk 1:31:03]} O-O {[%clk 1:29:43]} 7. O-O
{[%clk 1:31:25]} c6 {[%clk 1:30:06]} 8. Qc2 {[%clk 1:31:48]} b6 9. Rd1
{[%clk 1:17:41]} Ba6 {[%clk 1:28:46]} 10. b3 {[%clk 1:16:35]} Nbd7
{[%clk 1:28:42]} 11. Bc3 {[%clk 1:11:49]} Rc8 {[%clk 1:23:34]} 12. Nbd2
{[%clk 1:08:32]} c5 13. dxc5 Bxc5 {[%clk 1:08:53]} 14. e3 {[%clk 1:07:05]} Qe7
{[%clk 1:04:56]} 15. a4 dxc4 {[%clk 0:56:02]} 16. Nxc4 {[%clk 1:01:09]} Bxc4
{[%clk 0:49:00]} 17. bxc4 {[%clk 1:01:31]} Rc7 {[%clk 0:43:37]} 18. Qb2 Rfc8 19.
Ne5 {[%clk 0:34:42]} Bd6 {[%clk 0:41:01]} 20. Nxd7 {[%clk 0:35:02]} Nxd7
{[%clk 0:41:05]} 21. Bf1 {[%clk 0:29:41]} f6 {[%clk 0:38:41]} 22. a5
{[%clk 0:29:11]} Rb8 {[%clk 0:27:46]} 23. Qb5 {[%clk 0:24:19]} Be5
{[%clk 0:11:09]} 24. Bb4 {[%clk 0:18:43]} Nc5 {[%clk 0:09:48]} 25. axb6 axb6
{[%clk 0:05:28]} 26. Ra6 {[%clk 0:16:42]} Rcb7 {[%clk 0:02:25]} 27. Bg2
{[%clk 0:12:48]}  1-0